Improving police performance in Rajasthan, India: Experimental evidence on incentives, managerial autonomy, and training (Record no. 517932)

000 -LEADER
fixed length control field 01304nam a22001457a 4500
008 - FIXED-LENGTH DATA ELEMENTS--GENERAL INFORMATION
fixed length control field 210804b ||||| |||| 00| 0 eng d
100 ## - MAIN ENTRY--PERSONAL NAME
Personal name Banerjee, Abhijit, et al
245 ## - TITLE STATEMENT
Title Improving police performance in Rajasthan, India: Experimental evidence on incentives, managerial autonomy, and training
260 ## - PUBLICATION, DISTRIBUTION, ETC. (IMPRINT)
Place of publication, distribution, etc American Economic Journal: Economic Policy
300 ## - PHYSICAL DESCRIPTION
Extent 13(1), Feb, 2021: p.36-66
520 ## - SUMMARY, ETC.
Summary, etc Management matters for firms, but what practices are optimal in hierarchical government organizations? And can skilled managers identify them? A large-scale randomized trial conducted with the police of Rajasthan, India, tested four interventions recommended by senior police officers: limitations of transfers, rotation of duties and days off, increased community involvement, and on-duty training. Field experience motivated a fifth intervention: "decoy" visits by enumerators to register cases, incentivizing staff to improve service. Only training and decoy visits had robust impacts; others were poorly implemented and ineffective. Management reforms can improve policing, but even skilled leaders struggle to identify the optimal interventions. – Reproduced
773 ## - HOST ITEM ENTRY
Main entry heading American Economic Journal: Economic Policy
906 ## - LOCAL DATA ELEMENT F, LDF (RLIN)
Subject DIP POLICE - TRAINING - INDIA
942 ## - ADDED ENTRY ELEMENTS (KOHA)
Item type Articles
Holdings
Withdrawn status Lost status Source of classification or shelving scheme Damaged status Not for loan Permanent location Current location Date acquired Serial Enumeration / chronology Barcode Date last seen Koha item type
          Indian Institute of Public Administration Indian Institute of Public Administration 2021-08-04 13(1), Feb, 2021: p.36-66 AR125161 2021-08-04 Articles

Powered by Koha